[Event "9th Vellmar Chess Days"]
[Site "chess24.com"]
[Date "2017.07.14"]
[Round "3"]
[White "Fischer, Andreas"]
[Black "Schlachowitsch, Markus"]
[Result "0-1"]
[Board "34"]
[WhiteElo "1811"]
[WhiteCountry "GER"]
[WhiteFideId "1270053"]
[WhiteEloChange "-6"]
[BlackElo "1964"]
[BlackCountry "GER"]
[BlackFideId "4655583"]
[BlackEloChange "6"]

1. e4 {[%clk 1:30:53]} b6 {[%clk 1:30:56]} 2. d4 {[%clk 1:31:04]} e6 {[%clk
1:31:21]} 3. Nc3 {[%clk 1:31:19]} Bb7 {[%clk 1:31:46]} 4. Nf3 {[%clk 1:31:02]}
Bb4 {[%clk 1:32:07]} 5. Bd3 {[%clk 1:30:43]} Nf6 {[%clk 1:32:05]} 6. e5 {[%clk
1:30:26]} Ne4 {[%clk 1:31:58]} 7. Bd2 {[%clk 1:30:39]} Nxd2 {[%clk 1:32:21]} 8.
Qxd2 {[%clk 1:30:57]} Bxf3 {[%clk 1:31:34]} 9. gxf3 {[%clk 1:31:20]} Nc6 {[%clk
1:31:52]} 10. Be4 {[%clk 1:30:33]} Qh4 {[%clk 1:31:38]} 11. O-O-O {[%clk
1:28:50]} Rd8 {[%clk 1:28:46]} 12. Rdg1 {[%clk 1:27:29]} d5 {[%clk 1:27:56]} 13.
Rg4 {[%clk 1:26:54]} Qe7 {[%clk 1:26:32]} 14. Bd3 {[%clk 1:26:20]} g6 {[%clk
1:25:59]} 15. Bb5 {[%clk 1:23:58]} Qd7 {[%clk 1:26:17]} 16. Qh6 {[%clk 1:22:37]}
Bf8 {[%clk 1:26:36]} 17. Qh3 {[%clk 1:18:07]} h5 {[%clk 1:26:47]} 18. Rg2 {[%clk
1:17:13]} a6 {[%clk 1:26:56]} 19. Bxa6 {[%clk 1:12:45]} Nxd4 {[%clk 1:27:07]} 20.
Rd1 {[%clk 1:11:21]} Nf5 {[%clk 1:26:54]} 21. Ne4 {[%clk 1:06:01]} Be7 {[%clk
1:27:06]} 22. Nf6+ {[%clk 1:04:31]} Bxf6 {[%clk 1:27:27]} 23. exf6 {[%clk
1:04:46]} Qa4 {[%clk 1:27:38]} 24. Bd3 {[%clk 1:03:36]} Qf4+ {[%clk 1:26:50]} 25.
Kb1 {[%clk 1:00:10]} Nh4 {[%clk 1:26:36]} 26. Rgg1 {[%clk 0:54:58]} Qxf6 {[%clk
1:21:32]} 27. Bb5+ {[%clk 0:51:05]} Kf8 {[%clk 1:21:53]} 28. Qg3 {[%clk 0:50:58]}
Rd6 {[%clk 1:22:09]} 29. f4 {[%clk 0:50:37]} Kg7 {[%clk 1:22:13]} 30. Rge1 {[%clk
0:49:51]} c5 {[%clk 1:22:24]} 31. Re5 {[%clk 0:48:26]} Nf5 {[%clk 1:22:45]} 32.
Qg2 {[%clk 0:44:52]} Nd4 {[%clk 1:22:44]} 33. Bd3 {[%clk 0:44:20]} Qxf4 {[%clk
1:22:36]} 34. Rg5 {[%clk 0:44:25]} e5 {[%clk 1:22:17]} 35. Rg3 {[%clk 0:38:47]}
e4 {[%clk 1:22:34]} 36. c3 {[%clk 0:37:37]} Nf5 {[%clk 1:22:44]} 37. Be2 {[%clk
0:35:47]} Nxg3 {[%clk 1:22:59]} 38. fxg3 {[%clk 0:36:01]} Qe3 {[%clk 1:22:57]}
39. Rf1 {[%clk 0:34:06]} f5 {[%clk 1:23:09]} 40. h3 {[%clk 0:33:00]} d4 {[%clk
1:23:00]} 41. cxd4 {[%clk 0:33:15]} Rxd4 {[%clk 1:23:11]} 42. Rc1 {[%clk
0:30:04]} Rd2 {[%clk 1:23:24]} 43. Rc2 {[%clk 0:30:18]} Rxc2 {[%clk 1:23:46]} 44.
Kxc2 {[%clk 0:30:37]} Rd8 {[%clk 1:24:10]} 45. Bc4 {[%clk 0:30:02]} Qf3 {[%clk
1:23:15]} 46. Qg1 {[%clk 0:29:06]} e3 {[%clk 1:23:36]} 0-1

[Event "9th Vellmar Chess Days"]
[Site "chess24.com"]
[Date "2017.07.14"]
[Round "3"]
[White "Reitz, Theresa"]
[Black "Lutz, Ruben"]
[Result "0-1"]
[Board "35"]
[WhiteElo "1706"]
[WhiteCountry "GER"]
[WhiteFideId "12971901"]
[WhiteEloChange "-4"]
[BlackElo "1959"]
[BlackCountry "GER"]
[BlackFideId "12975974"]
[BlackEloChange "4"]

1. e4 {[%clk 1:30:56]} e6 {[%clk 1:30:54]} 2. d4 {[%clk 1:31:19]} d5 {[%clk
1:31:20]} 3. e5 {[%clk 1:31:44]} c5 {[%clk 1:31:45]} 4. c3 {[%clk 1:32:09]} Nc6
{[%clk 1:32:10]} 5. Nf3 {[%clk 1:32:34]} Qb6 {[%clk 1:32:30]} 6. a3 {[%clk
1:32:58]} c4 {[%clk 1:32:54]} 7. Nbd2 {[%clk 1:33:20]} f6 {[%clk 1:33:18]} 8. Be2
{[%clk 1:25:41]} fxe5 {[%clk 1:32:44]} 9. Nxe5 {[%clk 1:26:00]} Nxe5 {[%clk
1:32:48]} 10. dxe5 {[%clk 1:26:19]} Bc5 {[%clk 1:32:44]} 11. O-O {[%clk 1:26:10]}
Ne7 {[%clk 1:32:48]} 12. Rb1 {[%clk 1:15:06]} O-O {[%clk 1:31:11]} 13. Nf3 {[%clk
1:12:49]} Bxa3 {[%clk 1:27:19]} 14. Be3 {[%clk 1:10:24]} Bc5 {[%clk 1:27:42]} 15.
Bxc5 {[%clk 1:10:39]} Qxc5 {[%clk 1:28:07]} 16. Nd4 {[%clk 1:08:30]} Bd7 {[%clk
1:19:25]} 17. Qd2 {[%clk 1:00:20]} Nc6 {[%clk 1:16:52]} 18. f4 {[%clk 0:51:42]}
Be8 {[%clk 1:06:47]} 19. Bg4 {[%clk 0:50:09]} Nxd4 {[%clk 1:07:08]} 20. cxd4
{[%clk 0:49:17]} Qe7 {[%clk 1:07:01]} 21. f5 {[%clk 0:47:02]} exf5 {[%clk
1:07:00]} 22. Bxf5 {[%clk 0:47:08]} Rxf5 {[%clk 1:06:59]} 23. Rxf5 {[%clk
0:46:48]} Bg6 {[%clk 1:07:26]} 24. Rbf1 {[%clk 0:44:23]} Bxf5 {[%clk 1:07:47]}
25. Rxf5 {[%clk 0:44:41]} Qe6 {[%clk 1:02:42]} 26. Qf2 {[%clk 0:36:48]} b5 {[%clk
1:00:28]} 27. Rf3 {[%clk 0:34:13]} b4 {[%clk 0:59:24]} 28. Qd2 {[%clk 0:34:01]}
a5 {[%clk 0:59:27]} 29. Qg5 {[%clk 0:30:10]} Kh8 {[%clk 0:45:11]} 30. Rg3 {[%clk
0:26:15]} Rg8 {[%clk 0:42:37]} 31. Rh3 {[%clk 0:24:05]} h6 {[%clk 0:41:56]} 32.
Qd2 {[%clk 0:23:00]} Rf8 {[%clk 0:41:11]} 33. Rg3 {[%clk 0:21:18]} Qf5 {[%clk
0:24:40]} 34. Qe1 {[%clk 0:18:31]} Qc2 {[%clk 0:19:46]} 35. e6 {[%clk 0:10:42]}
Qxb2 {[%clk 0:20:02]} 36. e7 {[%clk 0:10:45]} Qxd4+ {[%clk 0:20:25]} 37. Kh1
{[%clk 0:10:13]} Re8 {[%clk 0:20:48]} 38. h3 {[%clk 0:09:40]} Qf6 {[%clk
0:19:35]} 0-1

[Event "9th Vellmar Chess Days"]
[Site "chess24.com"]
[Date "2017.07.14"]
[Round "3"]
[White "Maar, Samuel"]
[Black "Koronowski, Heinz-Juergen"]
[Result "1/2-1/2"]
[Board "36"]
[WhiteElo "1952"]
[WhiteCountry "GER"]
[WhiteFideId "12952591"]
[WhiteEloChange "-5"]
[BlackElo "1753"]
[BlackCountry "GER"]
[BlackFideId "12943762"]
[BlackEloChange "5"]

1. e4 {[%clk 1:30:58]} e5 {[%clk 1:30:52]} 2. Nf3 {[%clk 1:31:24]} Nf6 {[%clk
1:31:16]} 3. Nc3 {[%clk 1:31:19]} Nc6 {[%clk 1:31:39]} 4. Be2 {[%clk 1:28:37]} d5
{[%clk 1:29:51]} 5. exd5 {[%clk 1:27:46]} Nxd5 {[%clk 1:30:13]} 6. O-O {[%clk
1:27:25]} Nxc3 {[%clk 1:29:06]} 7. dxc3 {[%clk 1:25:33]} Qxd1 {[%clk 1:28:57]} 8.
Rxd1 {[%clk 1:25:58]} Bd6 {[%clk 1:29:19]} 9. Bg5 {[%clk 1:22:51]} Bf5 {[%clk
1:21:55]} 10. Rd2 {[%clk 1:20:02]} f6 {[%clk 1:22:01]} 11. Be3 {[%clk 1:16:43]}
a6 {[%clk 1:16:19]} 12. c4 {[%clk 1:08:05]} O-O-O {[%clk 1:15:24]} 13. c3 {[%clk
1:00:23]} Be7 {[%clk 1:11:21]} 14. b4 {[%clk 0:58:58]} Rxd2 {[%clk 1:10:20]} 15.
Nxd2 {[%clk 0:57:35]} Rd8 {[%clk 1:10:06]} 16. a4 {[%clk 0:51:17]} a5 {[%clk
1:05:57]} 17. b5 {[%clk 0:47:09]} Nb8 {[%clk 1:06:17]} 18. Nb3 {[%clk 0:32:44]}
b6 {[%clk 1:05:29]} 19. c5 {[%clk 0:26:59]} Nd7 {[%clk 1:02:59]} 20. cxb6 {[%clk
0:15:38]} cxb6 {[%clk 1:03:00]} 21. Nd2 {[%clk 0:12:43]} Bc5 {[%clk 1:01:12]} 22.
Nc4 {[%clk 0:11:40]} Bxe3 {[%clk 0:59:04]} 23. Nd6+ {[%clk 0:11:50]} Kc7 {[%clk
0:57:12]} 24. Nxf5 {[%clk 0:12:17]} Bh6 {[%clk 0:57:07]} 25. Bf3 {[%clk 0:07:39]}
Nc5 {[%clk 0:56:56]} 26. Ne7 {[%clk 0:07:14]} e4 {[%clk 0:54:50]} 27. Be2 {[%clk
0:07:23]} Rd7 {[%clk 0:51:41]} 28. Nc6 {[%clk 0:06:46]} Bd2 {[%clk 0:50:11]} 29.
Bg4 {[%clk 0:05:53]} Rd3 {[%clk 0:48:33]} 30. Ne7 {[%clk 0:04:18]} Bxc3 {[%clk
0:48:20]} 31. Rc1 {[%clk 0:03:52]} Bb2 {[%clk 0:46:53]} 32. Rc2 {[%clk 0:03:18]}
Ba3 {[%clk 0:39:46]} 33. g3 {[%clk 0:03:08]} g6 {[%clk 0:39:13]} 34. Be2 {[%clk
0:03:10]} Rd7 {[%clk 0:39:06]} 35. Ng8 {[%clk 0:03:04]} Rd6 {[%clk 0:36:57]} 36.
Nh6 {[%clk 0:02:43]} Kd7 {[%clk 0:34:02]} 37. Bf1 {[%clk 0:01:57]} Bb4 {[%clk
0:33:34]} 38. Bh3+ {[%clk 0:01:26]} Kc7 {[%clk 0:30:34]} 39. Ng4 {[%clk 0:01:21]}
Kd8 {[%clk 0:28:31]} 40. Ne3 {[%clk 0:00:51]} f5 {[%clk 0:17:37]} 41. Ra2 {[%clk
0:23:45]} Rd4 {[%clk 0:46:01]} 42. Bf1 {[%clk 0:22:45]} Kc7 {[%clk 0:43:54]} 43.
Kg2 {[%clk 0:21:16]} Nd3 {[%clk 0:41:45]} 44. Nc2 {[%clk 0:20:08]} Ne1+ {[%clk
0:39:30]} 45. Nxe1 {[%clk 0:20:16]} Bxe1 {[%clk 0:39:58]} 46. Rc2+ {[%clk
0:20:35]} Kb7 {[%clk 0:39:47]} 47. Bc4 {[%clk 0:19:58]} h6 {[%clk 0:39:46]} 48.
Bf7 {[%clk 0:19:10]} g5 {[%clk 0:39:53]} 49. Be6 {[%clk 0:18:53]} f4 {[%clk
0:38:39]} 50. Bc8+ {[%clk 0:18:53]} Kb8 {[%clk 0:38:59]} 51. Ba6 {[%clk 0:18:53]}
Rd7 {[%clk 0:25:56]} 52. Rc6 {[%clk 0:18:54]} f3+ {[%clk 0:23:28]} 53. Kh3 {[%clk
0:17:49]} Bxf2 {[%clk 0:23:42]} 54. Re6 {[%clk 0:15:15]} e3 {[%clk 0:23:23]} 55.
Rxb6+ {[%clk 0:13:37]} Ka7 {[%clk 0:23:33]} 56. Re6 {[%clk 0:09:21]} e2 {[%clk
0:23:00]} 57. b6+ {[%clk 0:05:03]} Kxa6 {[%clk 0:22:26]} 58. g4 {[%clk 0:04:14]}
e1Q {[%clk 0:22:21]} 59. b7+ {[%clk 0:04:21]} Kxb7 {[%clk 0:22:49]} 60. Rxe1
{[%clk 0:04:46]} Bxe1 {[%clk 0:23:09]} 1/2-1/2

[Event "9th Vellmar Chess Days"]
[Site "chess24.com"]
[Date "2017.07.14"]
[Round "3"]
[White "Wolff, Michael"]
[Black "Seepe, Uwe"]
[Result "1/2-1/2"]
[Board "37"]
[WhiteElo "1993"]
[WhiteCountry "GER"]
[WhiteFideId "24607657"]
[WhiteEloChange "-7"]
[BlackElo "1662"]
[BlackCountry "GER"]
[BlackFideId "12992585"]
[BlackEloChange "7"]

1. e4 {[%clk 1:25:41]} e5 {[%clk 1:30:49]} 2. f4 {[%clk 1:25:57]} exf4 {[%clk
1:31:01]} 3. Nf3 {[%clk 1:26:19]} d5 {[%clk 1:29:33]} 4. exd5 {[%clk 1:26:43]}
Nf6 {[%clk 1:29:37]} 5. Bb5+ {[%clk 1:27:07]} Bd7 {[%clk 1:28:44]} 6. Bxd7+
{[%clk 1:27:30]} Qxd7 {[%clk 1:27:14]} 7. c4 {[%clk 1:27:08]} Bd6 {[%clk
1:25:16]} 8. O-O {[%clk 1:25:28]} O-O {[%clk 1:24:57]} 9. d4 {[%clk 1:24:47]} c5
{[%clk 1:19:52]} 10. Nc3 {[%clk 1:13:28]} Re8 {[%clk 1:12:06]} 11. Ne5 {[%clk
1:09:57]} Bxe5 {[%clk 1:05:10]} 12. dxe5 {[%clk 1:10:18]} Rxe5 {[%clk 1:01:22]}
13. Bxf4 {[%clk 1:10:20]} Re7 {[%clk 0:58:41]} 14. Bg5 {[%clk 1:05:41]} Qd6
{[%clk 0:47:41]} 15. Nb5 {[%clk 0:53:45]} Qb6 {[%clk 0:43:43]} 16. d6 {[%clk
0:43:55]} Re4 {[%clk 0:32:39]} 17. Bxf6 {[%clk 0:41:59]} gxf6 {[%clk 0:31:39]}
18. Nc7 {[%clk 0:38:35]} Rd4 {[%clk 0:24:57]} 19. Qe2 {[%clk 0:32:05]} Qxd6
{[%clk 0:22:50]} 20. Nxa8 {[%clk 0:31:31]} Nd7 {[%clk 0:22:05]} 21. Rad1 {[%clk
0:30:12]} Ne5 {[%clk 0:20:13]} 22. Rxd4 {[%clk 0:25:49]} cxd4 {[%clk 0:20:06]}
23. b3 {[%clk 0:21:28]} d3 {[%clk 0:18:48]} 24. Qe3 {[%clk 0:19:22]} Ng4 {[%clk
0:17:11]} 25. Qg3 {[%clk 0:19:11]} Qd4+ {[%clk 0:16:54]} 26. Kh1 {[%clk 0:19:18]}
d2 {[%clk 0:14:46]} 27. Rd1 {[%clk 0:18:46]} Kh8 {[%clk 0:14:29]} 28. Qb8+ {[%clk
0:16:31]} Kg7 {[%clk 0:14:40]} 29. Qg3 {[%clk 0:16:25]} Kh8 {[%clk 0:13:15]} 30.
Qb8+ {[%clk 0:13:59]} Kg7 {[%clk 0:13:28]} 31. Qg3 {[%clk 0:13:53]} Kh8 {[%clk
0:13:34]} 1/2-1/2

[Event "9th Vellmar Chess Days"]
[Site "chess24.com"]
[Date "2017.07.14"]
[Round "3"]
[White "Kirchner, Markus"]
[Black "Blum, Ralph"]
[Result "1/2-1/2"]
[Board "38"]
[WhiteElo "1820"]
[WhiteCountry "GER"]
[WhiteFideId "12979163"]
[WhiteEloChange "7"]
[BlackElo "2099"]
[BlackCountry "GER"]
[BlackFideId "4633520"]
[BlackEloChange "-7"]

1. e4 {[%clk 1:30:54]} e6 {[%clk 1:30:02]} 2. d4 {[%clk 1:31:15]} d5 {[%clk
1:30:22]} 3. Nd2 {[%clk 1:31:36]} Nf6 {[%clk 1:30:40]} 4. e5 {[%clk 1:31:57]}
Nfd7 {[%clk 1:31:00]} 5. f4 {[%clk 1:32:21]} c5 {[%clk 1:31:22]} 6. c3 {[%clk
1:32:46]} Nc6 {[%clk 1:31:43]} 7. Ndf3 {[%clk 1:33:08]} cxd4 {[%clk 1:30:05]} 8.
cxd4 {[%clk 1:33:07]} Bb4+ {[%clk 1:30:21]} 9. Kf2 {[%clk 1:33:22]} f6 {[%clk
1:29:46]} 10. g3 {[%clk 1:33:37]} O-O {[%clk 1:29:59]} 11. Kg2 {[%clk 1:33:53]}
Qe8 {[%clk 1:24:07]} 12. Bd3 {[%clk 1:33:06]} Kh8 {[%clk 1:20:50]} 13. Be3 {[%clk
1:33:14]} Qh5 {[%clk 1:19:56]} 14. Rc1 {[%clk 1:31:34]} g5 {[%clk 1:15:34]} 15.
fxg5 {[%clk 1:24:07]} fxe5 {[%clk 1:15:23]} 16. Nxe5 {[%clk 1:24:06]} Qxd1 {[%clk
1:15:32]} 17. Rxd1 {[%clk 1:24:34]} Ndxe5 {[%clk 1:12:38]} 18. dxe5 {[%clk
1:24:49]} b6 {[%clk 1:10:42]} 19. Nf3 {[%clk 1:22:33]} Bb7 {[%clk 1:06:21]} 20.
Bf4 {[%clk 1:21:06]} Rac8 {[%clk 1:05:06]} 21. Rhf1 {[%clk 1:18:46]} Bc5 {[%clk
0:59:58]} 22. a3 {[%clk 1:17:59]} a5 {[%clk 1:00:19]} 23. h4 {[%clk 1:17:27]} Ne7
{[%clk 0:51:22]} 24. h5 {[%clk 1:11:48]} d4 {[%clk 0:51:45]} 25. Bc4 {[%clk
1:06:44]} Nd5 {[%clk 0:46:13]} 26. Bxd5 {[%clk 1:06:48]} Bxd5 {[%clk 0:46:33]}
27. Kh3 {[%clk 1:04:18]} Bc4 {[%clk 0:44:28]} 28. Rfe1 {[%clk 1:02:58]} Bb3
{[%clk 0:41:50]} 29. Rd2 {[%clk 1:01:40]} Rcd8 {[%clk 0:41:47]} 30. Kg4 {[%clk
1:00:22]} b5 {[%clk 0:41:10]} 31. Rh2 {[%clk 0:55:50]} b4 {[%clk 0:41:06]} 32.
axb4 {[%clk 0:55:23]} Bxb4 {[%clk 0:41:25]} 33. Bd2 {[%clk 0:55:28]} Bc2 {[%clk
0:27:05]} 34. Nh4 {[%clk 0:51:08]} d3 {[%clk 0:24:29]} 35. g6 {[%clk 0:49:47]}
Rd4+ {[%clk 0:22:23]} 36. Kh3 {[%clk 0:49:46]} Bxd2 {[%clk 0:18:39]} 37. Rxd2
{[%clk 0:50:03]} Kg7 {[%clk 0:18:18]} 38. gxh7 {[%clk 0:49:39]} Kxh7 {[%clk
0:18:34]} 39. Ng6 {[%clk 0:49:35]} Rf5 {[%clk 0:15:46]} 40. Nf4 {[%clk 0:47:59]}
1/2-1/2

[Event "9th Vellmar Chess Days"]
[Site "chess24.com"]
[Date "2017.07.14"]
[Round "3"]
[White "Weber, Andreas"]
[Black "Kelm, Daniel"]
[Result "1-0"]
[Board "39"]
[WhiteElo "1795"]
[WhiteCountry "GER"]
[WhiteFideId "24652504"]
[WhiteEloChange "14"]
[BlackElo "1950"]
[BlackCountry "GER"]
[BlackFideId "12917095"]
[BlackEloChange "-14"]

1. e4 {[%clk 1:30:58]} c6 {[%clk 1:30:51]} 2. d3 {[%clk 1:30:54]} d5 {[%clk
1:28:56]} 3. Nd2 {[%clk 1:31:15]} dxe4 {[%clk 1:28:23]} 4. dxe4 {[%clk 1:31:39]}
e5 {[%clk 1:23:00]} 5. Ngf3 {[%clk 1:29:42]} Bg4 {[%clk 1:23:06]} 6. h3 {[%clk
1:29:55]} Bxf3 {[%clk 1:23:00]} 7. Qxf3 {[%clk 1:30:12]} Qf6 {[%clk 1:22:40]} 8.
Qb3 {[%clk 1:26:42]} b6 {[%clk 1:20:18]} 9. Nf3 {[%clk 1:26:08]} Nd7 {[%clk
1:16:58]} 10. Bg5 {[%clk 1:17:51]} Qg6 {[%clk 1:15:56]} 11. Bd3 {[%clk 0:52:29]}
f6 {[%clk 0:56:57]} 12. Qe6+ {[%clk 0:41:04]} Ne7 {[%clk 0:56:44]} 13. Be3 {[%clk
0:32:38]} Qxg2 {[%clk 0:40:57]} 14. O-O-O {[%clk 0:31:11]} Qxf3 {[%clk 0:41:22]}
15. Bc4 {[%clk 0:24:52]} O-O-O {[%clk 0:30:36]} 16. Ba6+ {[%clk 0:23:57]} Kb8
{[%clk 0:31:01]} 17. Qd6+ {[%clk 0:24:11]} Ka8 {[%clk 0:31:21]} 18. Qc7 {[%clk
0:24:00]} Rb8 {[%clk 0:30:59]} 19. Rxd7 {[%clk 0:23:08]} Qxh1+ {[%clk 0:30:27]}
20. Kd2 {[%clk 0:23:17]} 1-0

[Event "9th Vellmar Chess Days"]
[Site "chess24.com"]
[Date "2017.07.14"]
[Round "3"]
[White "Zell, Daniel"]
[Black "Luke, Niko"]
[Result "1-0"]
[Board "40"]
[WhiteElo "1938"]
[WhiteCountry "GER"]
[WhiteFideId "12937940"]
[WhiteEloChange "7"]
[BlackElo "1823"]
[BlackCountry "GER"]
[BlackFideId "16205553"]
[BlackEloChange "-7"]

1. e4 {[%clk 1:26:27]} c5 {[%clk 1:30:33]} 2. Nf3 {[%clk 1:26:49]} d6 {[%clk
1:30:51]} 3. d4 {[%clk 1:26:59]} cxd4 {[%clk 1:31:10]} 4. Nxd4 {[%clk 1:27:25]}
Nf6 {[%clk 1:31:29]} 5. Nc3 {[%clk 1:27:38]} a6 {[%clk 1:31:52]} 6. Be3 {[%clk
1:26:41]} e5 {[%clk 1:32:02]} 7. Nf3 {[%clk 1:25:58]} Be6 {[%clk 1:29:53]} 8. Bd3
{[%clk 1:25:43]} Be7 {[%clk 1:30:10]} 9. O-O {[%clk 1:25:10]} O-O {[%clk
1:28:57]} 10. Ng5 {[%clk 1:24:37]} Bg4 {[%clk 1:23:04]} 11. f3 {[%clk 1:24:06]}
Bh5 {[%clk 1:23:02]} 12. Qe1 {[%clk 1:23:33]} d5 {[%clk 1:13:32]} 13. exd5 {[%clk
1:22:44]} Nxd5 {[%clk 1:09:07]} 14. Bxh7+ {[%clk 1:11:18]} Kh8 {[%clk 1:09:18]}
15. Nxd5 {[%clk 1:04:01]} Bxg5 {[%clk 1:03:30]} 16. Bxg5 {[%clk 1:02:52]} Qxd5
{[%clk 0:56:51]} 17. Be4 {[%clk 1:02:19]} Qc5+ {[%clk 0:56:04]} 18. Be3 {[%clk
1:02:28]} Qc7 {[%clk 0:54:23]} 19. Qh4 {[%clk 1:02:42]} g6 {[%clk 0:53:06]} 20.
g4 {[%clk 1:02:45]} Kg7 {[%clk 0:51:05]} 21. gxh5 {[%clk 1:02:08]} 1-0

[Event "9th Vellmar Chess Days"]
[Site "chess24.com"]
[Date "2017.07.14"]
[Round "3"]
[White "Beyer, Nils"]
[Black "Knoth, Eugen"]
[Result "1/2-1/2"]
[Board "41"]
[WhiteElo "1807"]
[WhiteCountry "GER"]
[WhiteFideId "12995355"]
[WhiteEloChange "4"]
[BlackElo "1936"]
[BlackCountry "GER"]
[BlackFideId "4650395"]
[BlackEloChange "-4"]

1. d4 {[%clk 1:30:55]} f5 {[%clk 1:30:50]} 2. e4 {[%clk 1:30:25]} fxe4 {[%clk
1:31:13]} 3. f3 {[%clk 1:30:44]} Nf6 {[%clk 1:28:46]} 4. Nc3 {[%clk 1:30:39]} d5
{[%clk 1:28:08]} 5. Bg5 {[%clk 1:28:09]} Nc6 {[%clk 1:10:00]} 6. fxe4 {[%clk
1:22:57]} dxe4 {[%clk 1:04:05]} 7. d5 {[%clk 1:16:40]} Ne5 {[%clk 1:03:35]} 8.
Qd4 {[%clk 1:11:52]} Nf7 {[%clk 1:02:15]} 9. Bb5+ {[%clk 1:04:43]} Bd7 {[%clk
1:02:22]} 10. Bxf6 {[%clk 1:04:22]} exf6 {[%clk 1:02:05]} 11. Qxe4+ {[%clk
1:03:46]} Qe7 {[%clk 1:00:36]} 12. Bxd7+ {[%clk 1:01:10]} Kxd7 {[%clk 1:00:55]}
13. O-O-O {[%clk 1:01:01]} Qxe4 {[%clk 1:00:52]} 14. Nxe4 {[%clk 1:01:20]} Re8
{[%clk 1:00:41]} 15. Nc3 {[%clk 0:56:57]} Bb4 {[%clk 1:00:16]} 16. Nge2 {[%clk
0:56:55]} Nd6 {[%clk 0:58:55]} 17. a3 {[%clk 0:56:47]} Bxc3 {[%clk 0:58:19]} 18.
Nxc3 {[%clk 0:53:27]} Ne4 {[%clk 0:58:40]} 19. Nxe4 {[%clk 0:50:54]} Rxe4 {[%clk
0:59:01]} 20. Rd2 {[%clk 0:49:19]} Rhe8 {[%clk 0:59:11]} 21. Rhd1 {[%clk
0:49:20]} Kd6 {[%clk 0:58:52]} 22. b3 {[%clk 0:47:23]} b5 {[%clk 0:57:58]} 23.
Rd4 {[%clk 0:46:41]} Rxd4 {[%clk 0:49:51]} 24. Rxd4 {[%clk 0:45:23]} Re5 {[%clk
0:48:24]} 25. c4 {[%clk 0:38:35]} bxc4 {[%clk 0:48:35]} 26. Rxc4 {[%clk 0:37:21]}
Rxd5 {[%clk 0:48:43]} 27. Ra4 {[%clk 0:35:55]} a5 {[%clk 0:48:44]} 28. b4 {[%clk
0:36:04]} axb4 {[%clk 0:47:49]} 29. Rxb4 {[%clk 0:36:19]} h5 {[%clk 0:43:05]} 30.
Kc2 {[%clk 0:29:53]} Rg5 {[%clk 0:42:36]} 31. g3 {[%clk 0:24:28]} Rf5 {[%clk
0:41:35]} 32. a4 {[%clk 0:10:12]} g5 {[%clk 0:41:01]} 33. Kb3 {[%clk 0:09:50]}
Rf1 {[%clk 0:35:19]} 34. Kc4 {[%clk 0:05:22]} Kc6 {[%clk 0:35:01]} 35. Kd4 {[%clk
0:05:23]} Kd6 {[%clk 0:29:20]} 36. Kc4 {[%clk 0:04:29]} Ra1 {[%clk 0:26:06]} 37.
Kb5 {[%clk 0:04:47]} c5 {[%clk 0:25:44]} 38. Rb2 {[%clk 0:03:59]} c4 {[%clk
0:25:31]} 39. Rd2+ {[%clk 0:04:03]} Kc7 {[%clk 0:25:34]} 40. Rc2 {[%clk 0:04:20]}
Re1 {[%clk 0:22:08]} 41. Rxc4+ {[%clk 0:03:12]} Kb7 {[%clk 0:22:18]} 42. a5
{[%clk 0:27:59]} Rb1+ {[%clk 0:52:00]} 43. Rb4 {[%clk 0:22:55]} Re1 {[%clk
0:50:29]} 44. Ra4 {[%clk 0:19:35]} Re5+ {[%clk 0:50:23]} 45. Kb4 {[%clk 0:18:52]}
Ka6 {[%clk 0:50:02]} 46. Ra2 {[%clk 0:18:17]} Re4+ {[%clk 0:50:11]} 47. Kc3
{[%clk 0:18:29]} h4 {[%clk 0:49:44]} 48. Kd3 {[%clk 0:18:17]} Rg4 {[%clk
0:45:24]} 49. gxh4 {[%clk 0:14:42]} Rxh4 {[%clk 0:45:41]} 50. Ke3 {[%clk
0:14:47]} f5 {[%clk 0:44:43]} 51. Kf3 {[%clk 0:14:30]} Rh3+ {[%clk 0:43:14]} 52.
Kg2 {[%clk 0:14:23]} Rb3 {[%clk 0:41:49]} 53. Ra4 {[%clk 0:10:06]} Rb5 {[%clk
0:41:42]} 54. h4 {[%clk 0:09:20]} gxh4 {[%clk 0:41:05]} 55. Kh3 {[%clk 0:08:40]}
Rxa5 {[%clk 0:41:30]} 56. Rxa5+ {[%clk 0:08:57]} Kxa5 {[%clk 0:41:59]} 57. Kxh4
{[%clk 0:09:22]} Kb5 {[%clk 0:42:25]} 58. Kg5 {[%clk 0:09:48]} Kc5 {[%clk
0:42:47]} 59. Kxf5 {[%clk 0:10:16]} 1/2-1/2

[Event "9th Vellmar Chess Days"]
[Site "chess24.com"]
[Date "2017.07.14"]
[Round "3"]
[White "Schulze, Nick"]
[Black "Schubert, Matthias"]
[Result "0-1"]
[Board "42"]
[WhiteElo "1790"]
[WhiteCountry "GER"]
[WhiteFideId "16212312"]
[WhiteEloChange "-7"]
[BlackElo "1916"]
[BlackCountry "GER"]
[BlackFideId "24661139"]
[BlackEloChange "7"]

1. e4 {[%clk 1:30:58]} e6 {[%clk 1:30:50]} 2. d4 {[%clk 1:31:20]} d5 {[%clk
1:31:15]} 3. e5 {[%clk 1:31:45]} c5 {[%clk 1:31:24]} 4. c3 {[%clk 1:32:10]} Nc6
{[%clk 1:30:35]} 5. Nf3 {[%clk 1:32:30]} Qb6 {[%clk 1:30:03]} 6. Be2 {[%clk
1:32:49]} cxd4 {[%clk 1:27:06]} 7. cxd4 {[%clk 1:33:08]} Nh6 {[%clk 1:26:06]} 8.
Bxh6 {[%clk 1:32:15]} Qxb2 {[%clk 1:25:52]} 9. Bd2 {[%clk 1:24:37]} Qxa1 {[%clk
1:25:19]} 10. Qb3 {[%clk 1:23:58]} Bd7 {[%clk 1:22:00]} 11. Bc3 {[%clk 1:22:18]}
Bb4 {[%clk 1:12:22]} 12. O-O {[%clk 1:18:38]} Na5 {[%clk 1:02:54]} 13. Qxb4
{[%clk 1:07:53]} Qxa2 {[%clk 1:02:01]} 14. Nbd2 {[%clk 1:07:41]} Nc6 {[%clk
0:57:22]} 15. Qxb7 {[%clk 1:03:15]} Rb8 {[%clk 0:56:14]} 16. Qc7 {[%clk 1:03:37]}
Qc2 {[%clk 0:52:35]} 17. Ba1 {[%clk 0:58:08]} Rc8 {[%clk 0:49:36]} 18. Qd6 {[%clk
0:57:49]} a5 {[%clk 0:48:48]} 19. Bb5 {[%clk 0:54:26]} g5 {[%clk 0:44:13]} 20.
Nxg5 {[%clk 0:47:06]} Qxd2 {[%clk 0:44:08]} 21. Nxf7 {[%clk 0:47:01]} Rf8 {[%clk
0:42:59]} 22. Nd8 {[%clk 0:44:02]} Qb4 {[%clk 0:34:38]} 23. Qxb4 {[%clk 0:36:32]}
Nxb4 {[%clk 0:34:39]} 24. Bxd7+ {[%clk 0:35:50]} Kxd7 {[%clk 0:34:57]} 25. Nb7
{[%clk 0:36:06]} Nd3 {[%clk 0:30:08]} 26. Nxa5 {[%clk 0:33:35]} Nxf2 {[%clk
0:30:04]} 27. Nb3 {[%clk 0:31:16]} Ne4 {[%clk 0:29:24]} 28. Rb1 {[%clk 0:28:27]}
Rc2 {[%clk 0:28:17]} 29. Rf1 {[%clk 0:21:24]} Rxf1+ {[%clk 0:28:01]} 30. Kxf1
{[%clk 0:21:48]} Kc6 {[%clk 0:28:00]} 31. Ke1 {[%clk 0:19:50]} Kb5 {[%clk
0:27:50]} 32. Kd1 {[%clk 0:19:48]} Rxg2 {[%clk 0:27:44]} 33. Kc1 {[%clk 0:18:15]}
Kb4 {[%clk 0:27:23]} 0-1